|
|
|
|
| LEADER |
01924nam a2200373 a 4500 |
| 001 |
AAL9029 |
| 003 |
BD-DhAAL |
| 005 |
20170508095054.0 |
| 008 |
170508s2002 nyu 000 1 eng |
| 999 |
|
|
|c 38122
|d 38122
|
| 010 |
|
|
|a 2002066189
|
| 020 |
|
|
|a 0446531332
|
| 020 |
|
|
|a 0751542264
|
| 040 |
|
|
|a DLC
|c DLC
|d DLC
|d BD-DhAAL
|
| 050 |
0 |
0 |
|a PS3569.P363
|b N54 2002
|
| 082 |
0 |
0 |
|a 813/.54
|2 21
|
| 100 |
1 |
|
|a Sparks, Nicholas.
|9 21465
|
| 245 |
1 |
0 |
|a Nights in Rodanthe /
|c Nicholas Sparks.
|
| 260 |
|
|
|a New York, NY :
|a London :
|b Warner Books,
|b Sphere,
|c 2008
|
| 300 |
|
|
|a 214 p. ;
|c 18 cm.
|
| 541 |
|
|
|e 9029
|
| 650 |
|
0 |
|a Divorced people
|v Fiction.
|9 21466
|
| 650 |
|
0 |
|a Hotelkeepers
|v Fiction.
|9 21467
|
| 650 |
|
0 |
|a Storms
|v Fiction.
|9 21468
|
| 651 |
|
0 |
|a Rodanthe (N.C.)
|v Fiction.
|9 21469
|
| 651 |
|
0 |
|a North Carolina
|v Fiction.
|9 21470
|
| 655 |
|
7 |
|a Romantic suspense fiction.
|2 gsafd
|9 21471
|
| 852 |
|
|
|a Savar Campus Library
|c General Shelf
|
| 942 |
|
|
|2 ddc
|c BK
|
| 952 |
|
|
|0 0
|1 0
|2 ddc
|4 0
|6 813_000000000000000__54_SPA
|7 0
|9 60565
|a SCL
|b SCL
|c GEN
|d 2017-05-08
|e Tajin Boi Ghar
|g 100.00
|l 9
|m 44
|o 813.54 SPA
|p 3020009029
|r 2020-03-10
|s 2020-01-17
|t 1
|w 2017-05-08
|y BK
|
| 952 |
|
|
|0 0
|1 0
|2 ddc
|4 0
|6 813_000000000000000__54_SPA
|7 0
|9 60566
|a SCL
|b SCL
|c GEN
|d 2017-05-08
|e Tajin Boi Ghar
|g 100.00
|l 11
|m 66
|o 813.54 SPA
|p 3020009027
|r 2024-12-05
|s 2024-12-02
|t 2
|w 2017-05-08
|y BK
|
| 952 |
|
|
|0 0
|1 0
|2 ddc
|4 0
|6 813_000000000000000__54_SPA
|7 0
|9 60567
|a SCL
|b SCL
|c GEN
|d 2017-05-08
|e Tajin Boi Ghar
|g 100.00
|l 10
|m 61
|o 813.54 SPA
|p 3020009026
|r 2024-04-03
|s 2024-03-25
|t 3
|w 2017-05-08
|y BK
|
| 952 |
|
|
|0 0
|1 0
|2 ddc
|4 0
|6 813_000000000000000__54_SPA
|7 0
|9 60568
|a SCL
|b SCL
|c GEN
|d 2017-05-08
|e Tajin Boi Ghar
|g 100.00
|l 12
|m 36
|o 813.54 SPA
|p 3020009025
|r 2020-03-10
|s 2020-03-01
|t 4
|w 2017-05-08
|y BK
|
| 952 |
|
|
|0 0
|1 0
|2 ddc
|4 0
|6 813_000000000000000__54_SPA
|7 0
|9 60569
|a SCL
|b SCL
|c GEN
|d 2017-05-08
|e Tajin Boi Ghar
|g 100.00
|l 9
|m 49
|o 813.54 SPA
|p 3020009028
|r 2020-03-10
|s 2020-01-20
|t 5
|w 2017-05-08
|y BK
|